000 01533nam a22003017a 4500
005 20171018133129.0
008 130821s1913 fr fr 1 fre
040 _aCo-BoUCM
_bspa
_cSandra Yazo
_dSandra Yazo
041 0 _afre
082 0 4 _a843
_220
092 _aE44N045
100 1 _aCraven, Augustus
_cMadame‏
_d1808-1891
_987777
242 0 0 _aValbriant novela
_cpor la Señora Augustus Craven
_pspa
245 1 0 _aLe Valbriant roman
_cpar Mme Augustus Craven
260 _aParís (Francia)
_bLibrairie Académique. Perrin et Cie. [Librería Académica. Perrin y Compañía] ; Imprimerie de Lagny [Imprenta de Lagny]
_c1973
300 _a323 páginas
_c18 x 11 cm
500 _aDetalles físicos: Encuadernación rígida (holandesa) en cartón duro forrado en papel jaspeado. Lomo en tela con adornos en dorado. Guardas. Anteportada. Portada impresa en una sola tinta. Texto impreso en una sola columna. Papel muy manchado
505 0 _aCapítulo 1 - 20
506 _aConsulta en sala
546 _aTexto en francés
586 _aOuvrage couronné par l’ Académie Française [Obra galardonada por la Academia Francesa]
650 7 _aNovela francesa
_920506
650 7 _aLiteratura francesa
_97794
690 _aLiteratura europea
_926524
856 4 1 _uhttp://gallica.bnf.fr/ark:/12148/bpt6k5510413g.r=
_zDisponible en línea V.1 edición de 1866
856 4 1 _uhttp://gallica.bnf.fr/ark:/12148/bpt6k5510382c.r=
_zDisponible en línea V.2 edición de 1866
942 _cLIBRO
_a18
_e1
_mC71
_2LOCAL
_hE44N045
999 _c307735
_d307735